000 00791cam a22002654a 4500
003 UPN
005 20240228064127.0
008 140402s2007 es a r 000 j spa d
020 _a9788467517774
035 _aUPN01000196782
040 _aUPN
_bspa
_cUPN
049 _aI
050 4 _aPZ8.9
_bZ5.2
100 1 _aZiefert, Harriet,
_d1941-
_935282
245 1 0 _a40 Cosas que sólo hacen los abuelos /
_cHarriet Ziefert ; il. Amanda Haley.
260 _aMadrid :
_bSM,
_cc2007.
300 _a[30] p. :
_bprincipalmente il. col.
534 _pTítulo original:
_t40 uses for a Grandpa
650 4 _aAbuelos y nietos
_911989
650 4 _aRelaciones de familia
_96077
650 4 _aLibros y lectura para niños
_92290
905 _aInfantil
942 _2lcc
_cLIBRO
999 _c168883
_d168883